| 000 | 00589nam a2200205 a 4500 | ||
|---|---|---|---|
| 005 | 20240831063709.0 | ||
| 008 | 080305s2006 es r 000 0 spa d | ||
| 020 | _a8481316180 | ||
| 035 | _aUPN01000154781 | ||
| 049 | _aI | ||
| 050 | 4 |
_aPZ71 _bG5.52 |
|
| 100 | 1 |
_aGiménez, Teresa _932268 |
|
| 245 | 1 | 0 |
_aMamá, ¡upa! / _cTeresa Giménez. |
| 260 |
_aValència [Esp.] : _bTàndem, _c2006. |
||
| 300 |
_a[30] p. : _bil. col. |
||
| 650 | 4 |
_aCuentos infantiles españoles _97725 |
|
| 650 | 4 |
_aHermanos y hermanas _vLiteratura infantil _98964 |
|
| 905 | _aInfantil | ||
| 999 |
_c126897 _d126897 |
||